000 00322nam a22001337a 4500
008 250716b |||||||| |||| 00| 0 eng d
020 _a0670772895
050 _aHD75
_b.G38
100 _aMYHRYOLD Nathan
245 _aThe Road Ahead
260 _aUnited States
_bWilliam H Gates
_c1995
300 _axiv, 286p.
942 _cBK
999 _c4306
_d4306